000 00288nam a2200121Ia 4500
008 190216s9999||||xx |||||||||||||| ||und||
100 _aRavindranath Tagore
245 0 _aThree Plays
260 _bOxford University Press
_c1954
300 _a157p
650 _aEnglish Drama
942 _cBK
999 _c11616
_d11616